| 000 | 00524nam a2200181 a 4500 | ||
|---|---|---|---|
| 005 | 20220802154852.0 | ||
| 008 | 080306s2007 mx r 000 0 spa d | ||
| 020 | _a9870004407 | ||
| 035 | _aUPN01000154805 | ||
| 049 | _aI | ||
| 050 | 4 |
_aAG61 _bD5.22 |
|
| 245 | 0 | 0 |
_aDiccionario infantil latinoamericano / _cil. Ana Favazza. |
| 260 |
_aBuenos Aires : _bLumen, _c2007. |
||
| 300 |
_a48 p. : _bil. col. |
||
| 440 | 0 | _aInfantil Latinoamericana | |
| 650 | 4 |
_aEnciclopedias y diccionarios infantiles _98587 |
|
| 905 | _aInfantil | ||
| 999 |
_c126921 _d126921 |
||